Game of Thrones de A à Z - Statistiques

Statistiques générales
  • Ce quiz a été pris 4 802 fois
  • Le résultat moyen est 11 sur 26
Statistiques - réponses
Lettre Indice Réponse % Correct
H HOLD THE DOOR ! HOLD THE DOOR ! Hodor
87%
A Prénom de la véritable identité de Jon Snow. Aegon
81%
D Terme prononcé en valyrien par Daenerys pour que ses dragons crachent du feu. Dracarys
80%
C Nom de famille des frères Sandor (Le Limier) et Gregor (La Montagne). Clegane
75%
P Capitale du royaume des sept couronnes (nom en français). Port-Réal
67%
S Cause de la mort de Tommen Baratheon. Suicide
66%
E L'une des deux régions principales de la série avec Westeros. Essos
58%
N Nom de la bataille où Tyrion se blesse grièvement au visage (en français). Néra
58%
G Prénom de l'amant de Arya et bâtard de Robert Baratheon. Gendry
57%
K Surnom de Jaime Lannister (inscrire la réponse en anglais). Kingslayer
56%
W Devise de la famille Stark (inscrire la réponse en anglais). Winter is coming
50%
F Complétez cette citation de Brandon Stark dans la saison 8: "I'm waiting for an old ____". Friend
49%
B Personnage connu pour sa réplique "le chaos n'est pas un précipice. Le chaos est une échelle". Petyr Baelish "Littlefinger'
41%
Y Prénom de la soeur de Theon Greyjoy. Yara
40%
T Nom de famille de l'actrice interprétant Sansa Stark. Turner
39%
I Personnage ayant exécuté Ned Stark et figurant ainsi sur la liste de morts d'Arya. Ilyn Payne
30%
V "Tous les hommes doivent mourir" en valyrien, également le nom d'un épisode de la saison 2. Valar Morghulis
29%
Z Capitale du pays où ont été tournées les scènes représentant la capitale du royaume des sept couronnes. Zagreb
25%
U Personnage de la famille Stark sauvant à plusieurs reprises Jon et Bran notamment (mettre le lien de parenté en anglais avant le prénom). Uncle Benjen
24%
Q Ancien grand "Mestre" et fidèle serviteur des Lannister dans la série et ce jusqu'à la dernière saison. Qyburn
21%
M Le roi d'au-delà du mur. Mance Rayder
18%
J Personnage dont l'une des répliques est "l'amour, c'est la mort du devoir". Jon Snow
15%
L Nom du personnage qui coupe la main de Jaime Lannister. Locke
9%
O Actrice interprétant Talisa, la femme de Robb Stark. Oona Chaplin
6%
R Ce qui arrive deux fois à Jorah Mormont dans la série. Renvoyé par Daenerys
4%
X Prince de Qarth qui fait la connaissance de Daenerys. Xaro Xhoan Daxo
2%
Aucun quiz correspondant
Distribution des résultats
% des personnes avec chaque résultat
Percentile par nombre de réponses
Votre historique - résultats
Vous n’avez pas pris ce quiz